Inflácia a cenová stabilita z pohľadu globálnych vývojových trendov

Problematika inflácie, cenovej stability a kritériá na jej hodnotenie v podmienkach integračných zoskupení. Teoretické argumenty v prospech konvergencie miery inflácie. Opodstatnenosť referenčnej hodnoty cenovej stability v eurozóne. Adekvátnosť kritéria cenovej stability z pohľadu dobiehajúcich eko...

Descripción completa

Guardado en:
Detalles Bibliográficos
Autor principal: Muchová, Eva, 1961-
Otros Autores: Chrenková, Jana, 1980-
Formato: Capítulo de libro
Lenguaje:eslovaco
Materias:
Etiquetas: Agregar Etiqueta
Sin Etiquetas, Sea el primero en etiquetar este registro!

MARC

LEADER 00000naa$a2200000$$$4500
001 0110413
005 20240502072222.6
041 0 |a slo 
044 |a SK 
245 1 0 |a Inflácia a cenová stabilita z pohľadu globálnych vývojových trendov  |c Eva Muchová, Jana Chrenková 
520 |a Problematika inflácie, cenovej stability a kritériá na jej hodnotenie v podmienkach integračných zoskupení. Teoretické argumenty v prospech konvergencie miery inflácie. Opodstatnenosť referenčnej hodnoty cenovej stability v eurozóne. Adekvátnosť kritéria cenovej stability z pohľadu dobiehajúcich ekonomík. Boxerov efekt. Balassov-Samuelsonov efekt. Vnímania verzus oficiálna inflácia. 
610 2 0 |a inflácia 
610 2 0 |a stabilita cien 
610 2 0 |a stabilita finančná 
610 2 0 |a konvergencia 
610 2 0 |a eurozóna 
610 2 0 |a zoskupenia integračné medzinárodné 
100 1 |a Muchová, Eva, 1961- 
700 1 |a Chrenková, Jana, 1980-